000 00289nam a2200121Ia 4500
008 240731s9999 xx 000 0 und d
022 _a2376-7618
245 0 _aBee World
260 _bTaylor & Francis
856 _uhttps://www.tandfonline.com/loi/tbee20
942 _2ddc
942 _cTFEJ
999 _c75591
_d75591
945 _a1
_bMadushi Gamage
_c1
_dMadushi Gamage